Datum a čas kvízu
24
Celkem bodů
Celkový počet nahraných bodů na tomto kvízu bez doplňovacích otázek.
3.
Pořadí na kvízu
Konečné umístění týmu na tomto kvízu.
Zaznamenané odpovědi
| # | Otázka | Odpověď | Body | Výsledky |
|---|---|---|---|---|
| 1. | V pátek se dostala do prodeje... | vlky | 0 | |
| 2. | V jedné evropské zemi platí od... | Itálie | 0 | |
| 3. | Drony na Havaji zachytily neob... | barví se do růžova | 0 | |
| 4. | Největší slovenské knihkupectv... | Martinus | 0 | |
| 5. | Jeden bývalý český fotbalista... | Petr Čech | 1 | |
| 6. | Na začátek tématu a otázky si... | druhým | 1 | |
| 7. | Rozlohou druhé největší africk... | Tanganika | 1 | |
| 8. | Seřaďte africké ostrovy v pořa... | 1C 2D 3A 4B | 0 | |
| 9. | Jak se jmenuje město na úpatí... | Kapské město (Cape Town) | 0 | |
| 10. | Afrika se trhá, od zbytku se o... | C | 0 |